Potatoes in the 1990s: Situation and prospects of the world potato economy
This paper describes and analyzes the current structure of the world potato economy with emphasis on production, utilization and trade. The paper also looks into the future, outlines some of the constraints to further development of the potato sector and suggests areas for future action to overcome...
محفوظ في:
| المؤلف الرئيسي: | |
|---|---|
| التنسيق: | كتاب |
| اللغة: | Undetermined |
| منشور في: |
Rome
FAO
1995
|
| الموضوعات: | |
| الوسوم: |
إضافة وسم
لا توجد وسوم, كن أول من يضع وسما على هذه التسجيلة!
|
| Thư viện lưu trữ: | Trung tâm Học liệu Trường Đại học Cần Thơ |
|---|
| LEADER | 00847nam a2200193Ia 4500 | ||
|---|---|---|---|
| 001 | CTU_16880 | ||
| 008 | 210402s9999 xx 000 0 und d | ||
| 082 | |a 633.491 | ||
| 082 | |b P859 | ||
| 100 | |a FAO | ||
| 245 | 0 | |a Potatoes in the 1990s: Situation and prospects of the world potato economy | |
| 245 | 0 | |c FAO | |
| 260 | |a Rome | ||
| 260 | |b FAO | ||
| 260 | |c 1995 | ||
| 520 | |a This paper describes and analyzes the current structure of the world potato economy with emphasis on production, utilization and trade. The paper also looks into the future, outlines some of the constraints to further development of the potato sector and suggests areas for future action to overcome problems. | ||
| 650 | |a field crops,potatoes,root crops | ||
| 904 | |i Nguyễn Quang Điền, 970611 | ||
| 980 | |a Trung tâm Học liệu Trường Đại học Cần Thơ | ||